[Event "174th YMCA Autumn A"]
[Site "Warsaw"]
[Date "2016.09.22"]
[Round "1"]
[White "Rozowski, Marcin"]
[Black "Wojtaszewski, Piotr"]
[Result "1-0"]
[WhiteElo "1996"]
[BlackElo "1998"]
[PlyCount "81"]
[EventDate "2016.09.22"]
[EventType "tourn"]
[EventRounds "1"]
[EventCountry "POL"]
[SourceDate "2016.09.23"]

1. Nf3 Nf6 2. c4 e6 3. g3 b6 4. Bg2 Bb7 5. O-O Be7 6. Nc3 O-O 7. Re1 Ne4 8.
Nxe4 Bxe4 9. d3 Bb7 10. e4 d5 11. cxd5 exd5 12. Bf4 Na6 13. Nd4 Nc5 14. Nf5
dxe4 15. dxe4 Ne6 16. Nxe7+ Qxe7 17. Be3 Rfd8 18. Qa4 c5 19. Rad1 a6 20. Qb3 b5
21. a4 c4 22. Qc3 h6 23. axb5 axb5 24. Qe5 Qb4 25. Qc3 Qxc3 26. bxc3 Rxd1 27.
Rxd1 Ra3 28. Rc1 Ng5 29. f3 b4 30. Bxg5 b3 31. Be7 Ra2 32. Rb1 Ba6 33. Bf1 f6
34. Bb4 Kf7 35. f4 Ke8 36. e5 Kf7 37. Bh3 Bb7 38. e6+ Kg6 39. e7 Bc6 40. Bf1 b2
41. Kf2 1-0

[Event "174th YMCA Autumn A"]
[Site "Warsaw"]
[Date "2016.09.23"]
[Round "1"]
[White "Borowy, Cezary"]
[Black "Piotrowski, Arkadiusz"]
[Result "1/2-1/2"]
[WhiteElo "2019"]
[BlackElo "1926"]
[PlyCount "77"]
[EventDate "2016.09.22"]
[EventType "tourn"]
[EventRounds "1"]
[EventCountry "POL"]
[SourceDate "2016.09.23"]

1. e4 c6 2. d4 d5 3. exd5 cxd5 4. c4 Nf6 5. Nc3 e6 6. Nf3 Be7 7. cxd5 Nxd5 8.
Bc4 Nxc3 9. bxc3 O-O 10. O-O Qc7 11. Qd3 Nd7 12. Bb3 Rd8 13. Bc2 g6 14. Bg5 Ne5
15. Nxe5 Bxg5 16. Rad1 Bd7 17. Qg3 f6 18. f4 Bb5 19. fxg5 fxe5 20. Rf6 Bc4 21.
Bb3 Bxb3 22. axb3 Rac8 23. Rxe6 exd4 24. Qxc7 Rxc7 25. cxd4 Rd5 26. h4 Rcd7 27.
Re4 Rc7 28. Rf1 Rcd7 29. Rff4 Rb5 30. Re3 Rbd5 31. Rd3 a5 32. Kf2 b5 33. Ke3 a4
34. bxa4 bxa4 35. Rf2 Re7+ 36. Kd2 Ra7 37. Kc3 a3 38. Ra2 Ra4 39. g3 1/2-1/2

[Event "174th YMCA Autumn A"]
[Site "Warsaw"]
[Date "2016.09.23"]
[Round "1"]
[White "Pajak, Jakub"]
[Black "Szymczak, Rafal"]
[Result "1/2-1/2"]
[WhiteElo "1893"]
[BlackElo "2007"]
[PlyCount "22"]
[EventDate "2016.09.22"]
[EventType "tourn"]
[EventRounds "1"]
[EventCountry "POL"]
[SourceDate "2016.09.23"]

1. e4 c6 2. Nc3 d5 3. Nf3 e6 4. d4 Nf6 5. Bd3 dxe4 6. Nxe4 Nxe4 7. Bxe4 Nd7 8.
c3 Nf6 9. Bd3 Be7 10. O-O O-O 11. Qc2 h6 $11 1/2-1/2

[Event "174th YMCA Autumn A"]
[Site "Warsaw"]
[Date "2016.09.23"]
[Round "1"]
[White "Kasperkiewicz, Pawel"]
[Black "Kaczmarska, Joanna"]
[Result "1-0"]
[WhiteElo "1908"]
[BlackElo "1862"]
[PlyCount "89"]
[EventDate "2016.09.22"]
[EventType "tourn"]
[EventRounds "1"]
[EventCountry "POL"]
[SourceDate "2016.09.23"]

1. c4 Nf6 2. Nc3 e6 3. e4 Nc6 4. d4 Bb4 5. f3 d5 6. cxd5 exd5 7. e5 Ng8 8. Nge2
Nge7 9. Be3 O-O 10. g3 f6 11. exf6 Rxf6 12. Bg2 Bxc3+ 13. bxc3 Na5 14. O-O h6
15. Nc1 Rc6 16. Bf2 b6 17. Nd3 Nc4 18. Re1 a5 19. f4 Be6 20. g4 h5 21. f5 Nxf5
22. gxf5 Bxf5 23. Nf4 Rd6 24. Qxh5 g6 25. Qh6 c6 26. Bh4 g5 27. Qxg5+ Qxg5 28.
Bxg5 Rd7 29. Re7 Rxe7 30. Bxe7 Re8 31. Re1 Kf7 32. Bh4 Be4 33. Bxe4 dxe4 34.
Ng2 Nd2 35. Re2 Nf3+ 36. Kh1 Kg6 37. Bg3 Kg5 38. Ne3 Rh8 39. Kg2 b5 40. Nd1 Re8
41. Nf2 e3 42. Kxf3 exf2 43. Rxf2 b4 44. cxb4 axb4 45. Rc2 1-0

[Event "174th YMCA Autumn A"]
[Site "Warsaw"]
[Date "2016.09.23"]
[Round "1"]
[White "Praczukowski, Stanislaw"]
[Black "Choroszej, Aleksander"]
[Result "1-0"]
[WhiteElo "2100"]
[BlackElo "1967"]
[PlyCount "63"]
[EventDate "2016.09.22"]
[EventType "tourn"]
[EventRounds "1"]
[EventCountry "POL"]
[SourceDate "2016.09.23"]

1. d4 g6 2. c4 Bg7 3. e4 d6 4. Nc3 Nf6 5. Bd3 O-O 6. Nge2 c5 7. d5 a6 8. a4 e6
9. Bg5 h6 10. Bh4 exd5 11. exd5 Re8 12. O-O Nbd7 13. f4 Qc7 14. Qd2 Nf8 15.
Rae1 Bd7 16. h3 Rab8 17. Ng3 b5 18. axb5 axb5 19. cxb5 c4 20. Bb1 Rxe1 21. Rxe1
Bxb5 22. Nge4 Nxe4 23. Rxe4 Ba6 24. Bf2 f5 25. Re2 Qa5 26. Ba2 Kf7 27. Kh2 Nd7
28. Qe3 Nc5 29. Qe7+ Kg8 30. Qxd6 Rc8 31. Qxg6 Qc7 32. Bxc5 1-0

[Event "174th YMCA Autumn A"]
[Site "Warsaw"]
[Date "2016.09.29"]
[Round "1"]
[White "Malicka, Maria"]
[Black "Celinski, Kamil"]
[Result "1/2-1/2"]
[WhiteElo "1901"]
[BlackElo "1918"]
[PlyCount "106"]
[EventDate "2016.09.22"]
[EventType "tourn"]
[EventRounds "1"]
[EventCountry "POL"]
[SourceDate "2016.09.23"]

1. d4 c5 2. c3 e6 3. Nf3 Nf6 4. Bf4 d5 5. e3 Nc6 6. Be2 Bd6 7. Bxd6 Qxd6 8.
Nbd2 O-O 9. O-O e5 10. dxe5 Nxe5 11. Nxe5 Qxe5 12. Nf3 Qc7 13. Qc2 Ne4 14. Rfd1
Rd8 15. c4 Nf6 16. cxd5 Rxd5 17. Rxd5 Nxd5 18. Ng5 g6 19. Bc4 Qe5 20. Nxf7 Kxf7
21. e4 Be6 22. exd5 Bxd5 23. Bxd5+ Qxd5 24. Rd1 Re8 25. h3 Qc6 26. Qc4+ Kg7 27.
Qf4 Rf8 28. Qe5+ Qf6 29. Qxc5 Qxb2 30. Qxa7 Rf7 31. Qd4+ Qxd4 32. Rxd4 Rc7 33.
Kf1 Kf6 $11 34. Ke2 Ke5 35. Kd3 Rc1 36. Rb4 Rc7 37. f4+ Kd5 38. g4 Re7 39. a4
Rf7 40. Rb5+ Ke6 41. Ke4 Rc7 42. Rb6+ Kf7 43. Kd5 Rd7+ 44. Rd6 Rc7 45. h4 Ke7
46. f5 Rc1 47. f6+ Ke8 48. Rb6 Ra1 49. Rxb7 Rxa4 50. Rxh7 Rxg4 51. f7+ Ke7 52.
Ke5 Rg1 53. h5 gxh5 1/2-1/2

[Event "174th YMCA Autumn A"]
[Site "Warsaw"]
[Date "2016.10.05"]
[Round "2"]
[White "Goslawski, Michal"]
[Black "Celinski, Kamil"]
[Result "1-0"]
[WhiteElo "2153"]
[BlackElo "1918"]
[PlyCount "65"]
[EventDate "2016.09.23"]
[EventType "tourn"]
[EventRounds "1"]
[EventCountry "POL"]
[SourceDate "2016.10.05"]

1. Nf3 Nf6 2. c4 e6 3. g3 d5 4. d4 Be7 5. Bg2 O-O 6. O-O dxc4 7. Qc2 a6 8. a4
c5 9. dxc5 Bxc5 10. Qxc4 Nbd7 11. Nc3 b5 12. Qh4 b4 13. Nd4 bxc3 14. Bxa8 Nb6
15. Nb3 Bxf2+ 16. Rxf2 Nxa8 17. Qd4 Bd7 18. bxc3 e5 19. Qa7 Ng4 20. Rf1 Bc6 21.
Qc5 Qd7 22. Na5 Bxa4 23. Ba3 Rc8 24. Qe7 Qxe7 25. Bxe7 Nb6 26. c4 Ne3 27. Rfb1
Nexc4 28. Nxc4 Nxc4 29. Rxa4 Nd2 30. Rd1 Nb3 31. Rd8+ Rxd8 32. Bxd8 Nd4 33. Kf2
1-0

[Event "174th YMCA Autumn A"]
[Site "Warsaw"]
[Date "2016.09.30"]
[Round "2"]
[White "Choroszej, Aleksander"]
[Black "Malicka, Maria"]
[Result "0-1"]
[WhiteElo "1967"]
[BlackElo "1901"]
[PlyCount "74"]
[EventDate "2016.09.22"]
[EventType "tourn"]
[EventRounds "1"]
[EventCountry "POL"]
[SourceDate "2016.09.23"]

1. d4 Nf6 2. c4 e6 3. Nc3 Bb4 4. f3 O-O 5. a3 Bxc3+ 6. bxc3 Nh5 7. Nh3 f5 8.
Bg5 Qe8 9. e3 d6 10. Bd3 Nc6 11. Nf4 Nxf4 12. Bxf4 e5 13. dxe5 Nxe5 14. O-O Be6
15. c5 Nxd3 16. Qxd3 Qc6 17. Rfb1 dxc5 18. Qb5 Qxb5 19. Rxb5 b6 20. Bxc7 Rac8
21. Be5 Rfd8 22. Rb2 Rd5 23. f4 Rd3 24. a4 Bc4 25. Kf2 Rcd8 26. g4 fxg4 27. Rg1
Rd2+ 28. Rxd2 Rxd2+ 29. Ke1 Re2+ 30. Kd1 Rxe3 31. h3 g3 32. Bb8 Rxc3 33. Bxa7
Rb3 34. Kc2 Kf7 35. a5 b5 36. Bxc5 Rf3 37. Bd6 Bf1 $138 0-1

[Event "174th YMCA Autumn A"]
[Site "Warsaw"]
[Date "2016.09.30"]
[Round "2"]
[White "Kaczmarska, Joanna"]
[Black "Praczukowski, Stanislaw"]
[Result "0-1"]
[WhiteElo "1862"]
[BlackElo "2100"]
[PlyCount "90"]
[EventDate "2016.09.22"]
[EventType "tourn"]
[EventRounds "1"]
[EventCountry "POL"]
[SourceDate "2016.09.23"]

1. d4 Nf6 2. c4 g6 3. Nc3 d5 4. cxd5 Nxd5 5. e4 Nxc3 6. bxc3 Bg7 7. Bc4 c5 8.
Ne2 Nc6 9. Be3 O-O 10. O-O Qc7 11. Rc1 Rd8 12. Qd2 a6 13. Rfd1 b5 14. Bd3 c4
15. Bb1 e5 16. d5 Na5 17. Bh6 Nb7 18. Bxg7 Kxg7 19. Rf1 Qe7 20. f4 f6 21. Rf2
Nd6 22. Re1 Bd7 23. Ng3 Rab8 24. h4 a5 25. h5 b4 26. f5 g5 27. h6+ Kg8 28. Rd1
Be8 29. cxb4 axb4 30. Qe2 Rdc8 31. Nh5 Bxh5 32. Qxh5 Qa7 33. Kf1 b3 34. Qe2 Rc5
35. Qe3 Qc7 36. Rc1 b2 37. Rcc2 c3 38. Rf3 Rc8 39. Rg3 Kh8 40. Qd3 Nb5 41. Kg1
Nd4 42. Kh2 Nxc2 43. Qxc2 Rc4 44. Re3 Rd4 45. Re2 Qc4 0-1

[Event "174th YMCA Autumn A"]
[Site "Warsaw"]
[Date "2016.09.26"]
[Round "2"]
[White "Piotrowski, Arkadiusz"]
[Black "Pajak, Jakub"]
[Result "1-0"]
[WhiteElo "1926"]
[BlackElo "1893"]
[PlyCount "80"]
[EventDate "2016.09.22"]
[EventRounds "1"]
[EventCountry "POL"]
[SourceDate "2016.09.23"]

1. d4 d6 2. c4 e5 3. dxe5 dxe5 4. Qxd8+ Kxd8 5. Nc3 c6 6. e4 Be6 7. Be3 Nd7 8.
O-O-O Kc7 9. f4 f6 10. Nf3 Bd6 11. f5 Bf7 12. g4 b6 13. Be2 Ne7 14. Rd2 Bc5 15.
Bxc5 Nxc5 16. b4 Nb7 17. h4 a5 18. b5 Rad8 19. bxc6 Nc5 20. Nd5+ Bxd5 21. exd5
h5 22. g5 Nxf5 23. Rg1 Rdf8 24. Bf1 e4 25. gxf6 Rxf6 26. Nd4 Nxd4 27. Rxd4 g6
$11 28. Rd2 e3 29. Re2 Re8 30. Bg2 Rf4 31. Rf1 Rxc4+ 32. Kb1 Nd3 33. Rf7+ Kd6
34. Rd7+ Kc5 35. a3 Nf4 36. c7 Nxe2 37. Rd8 Nc3+ 38. Ka1 Kd4 39. d6 Re6 40. Bf3
e2 1-0

[Event "174th YMCA Autumn A"]
[Site "Warsaw"]
[Date "2016.09.30"]
[Round "2"]
[White "Wojtaszewski, Piotr"]
[Black "Borowy, Cezary"]
[Result "1/2-1/2"]
[WhiteElo "1998"]
[BlackElo "2019"]
[PlyCount "45"]
[EventDate "2016.09.22"]
[EventType "tourn"]
[EventRounds "1"]
[EventCountry "POL"]
[SourceDate "2016.09.23"]

1. Nf3 c5 2. c4 Nf6 3. g3 d5 4. cxd5 Nxd5 5. Bg2 Nc6 6. O-O e5 7. Nc3 Nc7 8. d3
Be7 9. b3 O-O 10. Bb2 Bf5 11. Ne4 f6 12. Qc1 b6 13. Rd1 Rc8 14. Nc3 Nd4 15. e3
Nxf3+ 16. Bxf3 Ne6 17. Nd5 Ng5 18. Bg2 Be6 19. Nxe7+ Qxe7 20. Rd2 Qd7 21. h4
Nf7 22. Qf1 Bd5 23. Rc1 $11 1/2-1/2

[Event "174th YMCA Autumn A"]
[Site "Warsaw"]
[Date "2016.10.17"]
[Round "2"]
[White "Sadowski, Miroslaw"]
[Black "Rozowski, Marcin"]
[Result "1/2-1/2"]
[WhiteElo "2100"]
[BlackElo "1996"]
[PlyCount "35"]
[EventDate "2016.09.22"]
[EventType "tourn"]
[EventRounds "1"]
[EventCountry "POL"]
[SourceDate "2016.09.23"]

1. d4 d5 2. Nf3 Nf6 3. Bf4 c5 4. e3 Nc6 5. Be2 Bf5 6. O-O e6 7. c4 Be7 8. Nc3
dxc4 9. Bxc4 O-O 10. dxc5 Bxc5 11. Rc1 Rc8 12. Qe2 Qe7 13. Rfd1 Rfd8 14. a3 h6
15. Na4 Bd6 16. Bxd6 Rxd6 17. Rxd6 Qxd6 18. Rd1 $11 1/2-1/2

[Event "174th YMCA Autumn A"]
[Site "Warsaw"]
[Date "2016.10.20"]
[Round "3"]
[White "Rozowski, Marcin"]
[Black "Goslawski, Michal"]
[Result "0-1"]
[WhiteElo "1996"]
[BlackElo "2153"]
[PlyCount "72"]
[EventDate "2016.09.23"]
[EventType "tourn"]
[EventRounds "1"]
[EventCountry "POL"]
[SourceDate "2016.10.05"]

1. Nf3 d5 2. d4 Nf6 3. c4 c6 4. cxd5 cxd5 5. Nc3 Nc6 6. Bf4 Ne4 7. e3 Nxc3 8.
bxc3 g6 9. Bd3 Bg7 10. O-O O-O 11. c4 dxc4 12. Bxc4 b6 13. Qa4 Bb7 14. Ba6 Bxa6
15. Qxa6 Qc8 16. Qb5 Qb7 17. Rfc1 Rac8 18. Rab1 Rfd8 19. h3 e6 20. Bg3 h6 21.
Qb2 Na5 22. Nd2 Qd5 23. Nb3 Nxb3 24. Qxb3 Qb7 25. a4 Rc6 26. Qb5 Rdc8 27. Rxc6
Rxc6 28. Kh2 Qc8 29. a5 a6 30. Qd3 b5 31. e4 Rc3 32. Qd2 Rc4 33. e5 Qb7 34. Rb4
Rxb4 35. Qxb4 Bf8 36. Qc3 b4 0-1

[Event "174th YMCA Autumn A"]
[Site "Warsaw"]
[Date "2016.10.11"]
[Round "3"]
[White "Borowy, Cezary"]
[Black "Sadowski, Miroslaw"]
[Result "1-0"]
[WhiteElo "2019"]
[BlackElo "2100"]
[PlyCount "97"]
[EventDate "2016.09.22"]
[EventType "tourn"]
[EventRounds "1"]
[EventCountry "POL"]
[SourceDate "2016.09.23"]

1. e4 d6 2. d4 Nf6 3. Nc3 e5 4. Nf3 Nbd7 5. g3 Be7 6. Bg2 O-O 7. O-O c6 8. a4
a5 9. h3 Re8 10. Be3 Bf8 11. Re1 g6 12. Qd2 exd4 13. Bxd4 Nc5 14. Qf4 Nh5 15.
Qe3 Ng7 16. Qd2 Nce6 17. Be3 f5 18. Bh6 fxe4 19. Nxe4 d5 20. Neg5 Bb4 21. c3
Be7 22. Re2 Nxg5 23. Bxg5 Bxg5 24. Rxe8+ Nxe8 25. Nxg5 Qf6 26. Re1 Nd6 27. Qe3
Bf5 28. Qe5 Rf8 29. f4 h6 30. Ne6 Bxe6 31. Qxd6 Bf5 32. Qc7 Rf7 33. Qxa5 Kg7
34. Qc5 h5 35. h4 Rd7 36. b4 Qf8 37. Qd4+ Kh7 38. a5 Qd8 39. Bf3 Re7 40. Rxe7+
Qxe7 41. Kf2 Qe6 42. Qe3 Qd7 43. Qe5 Kg8 44. b5 Be6 45. a6 bxa6 46. bxa6 Kf7
47. Qb8 Qe7 48. Qb7 Bd7 49. a7 1-0

[Event "174th YMCA Autumn A"]
[Site "Warsaw"]
[Date "2016.10.07"]
[Round "3"]
[White "Pajak, Jakub"]
[Black "Wojtaszewski, Piotr"]
[Result "0-1"]
[WhiteElo "1893"]
[BlackElo "1998"]
[PlyCount "35"]
[EventDate "2016.09.22"]
[EventRounds "1"]
[EventCountry "POL"]
[SourceDate "2016.09.23"]

1. d4 Nf6 2. Bg5 d5 3. Nc3 Bf5 4. e3 c6 5. Bd3 Bxd3 6. Qxd3 Nbd7 7. e4 dxe4 8.
Nxe4 Nxe4 9. Qxe4 Qa5+ 10. Bd2 Qb6 11. O-O-O Nf6 12. Qe5 Rd8 13. Ba5 Qb5 14.
Bxd8 Kxd8 15. Qb8+ Kd7 16. Nf3 g6 17. Ne5+ Ke6 18. Qc8+ 0-1

[Event "174th YMCA Autumn A"]
[Site "Warsaw"]
[Date "2016.10.03"]
[Round "3"]
[White "Kasperkiewicz, Pawel"]
[Black "Piotrowski, Arkadiusz"]
[Result "1-0"]
[WhiteElo "1908"]
[BlackElo "1926"]
[PlyCount "139"]
[EventDate "2016.09.22"]
[EventType "tourn"]
[EventRounds "1"]
[EventCountry "POL"]
[SourceDate "2016.09.23"]

1. c4 e5 2. Nc3 Nf6 3. Nf3 Nc6 4. g3 d5 5. cxd5 Nxd5 6. d3 Be7 7. Bg2 Be6 8.
O-O Qd7 9. Ng5 Bxg5 10. Bxg5 f6 11. Bd2 O-O-O 12. Ne4 Qe8 13. Rc1 Nb6 14. Be3
Bd5 15. a3 Kb8 16. Qc2 f5 17. Nc5 Bxg2 18. Kxg2 h6 19. Na6+ bxa6 20. Qxc6 Qxc6+
21. Rxc6 Rhe8 22. Rfc1 Rd7 23. R1c2 Kb7 24. Rg6 Nd5 25. Rcc6 Nf6 26. Rc4 Re6
27. Rb4+ Kc8 28. Bxa7 c6 29. Bc5 Rf7 30. e4 fxe4 31. dxe4 Kc7 32. Bb6+ Kd7 33.
Be3 Rd6 34. Bc5 Rd2 35. Rb7+ Ke6 36. Rb6 Rc7 37. Bf8 Rf7 38. Bxg7 Rc2 39. Rb3
Rxg7 40. Rxg7 Nxe4 41. Rf3 Rxb2 42. Rg6+ Kd5 43. Rxh6 c5 44. Rxa6 c4 45. Ra8 c3
46. Rd8+ Kc4 47. Rc8+ Kd4 48. h4 Nc5 49. Rxc5 Kxc5 50. Rxc3+ Kd4 51. Re3 e4 52.
g4 Rd2 53. Rg3 Ke5 54. h5 Kf6 55. g5+ Kg7 56. g6 Rd8 57. Re3 Re8 58. f3 Rh8 59.
Rxe4 Rxh5 60. Rg4 Rd5 61. Kg3 Rc5 62. a4 Rf5 63. f4 Ra5 64. Kh4 Rxa4 65. f5 Ra6
66. Kg5 Ra5 67. Rb4 Ra2 68. Rb7+ Kg8 69. Rb6 Ra1 70. Rb8+ 1-0

[Event "174th YMCA Autumn A"]
[Site "Warsaw"]
[Date "2016.10.07"]
[Round "3"]
[White "Praczukowski, Stanislaw"]
[Black "Szymczak, Rafal"]
[Result "1/2-1/2"]
[WhiteElo "2100"]
[BlackElo "2007"]
[PlyCount "74"]
[EventDate "2016.09.22"]
[EventType "tourn"]
[EventRounds "1"]
[EventCountry "POL"]
[SourceDate "2016.09.23"]

1. c4 c5 2. g3 Nc6 3. Bg2 f5 4. Nc3 Nf6 5. d3 g6 6. e4 d6 7. Nge2 Bg7 8. O-O
O-O 9. h3 Bd7 10. Bg5 h6 11. Be3 Kh7 12. exf5 gxf5 13. d4 cxd4 14. Nxd4 Nxd4
15. Bxd4 Bc6 16. Nd5 e5 17. Bc3 Nxd5 18. cxd5 Be8 19. Qb3 Qd7 20. f4 e4 21.
Rac1 Bg6 22. Bxg7 Qxg7 23. Rc3 Rac8 24. Rfc1 Qd4+ 25. Kh2 Rxc3 26. bxc3 Qg7 27.
Qb4 Rg8 28. Qxd6 Bh5 29. g4 Bxg4 30. Qe5 Qg6 31. Rb1 b6 32. hxg4 Qxg4 33. Rb2
Qh4+ 34. Kg1 Qe1+ 35. Kh2 Qg3+ 36. Kg1 Qe1+ 37. Kh2 Qg3+ 1/2-1/2

[Event "174th YMCA Autumn A"]
[Site "Warsaw"]
[Date "2016.10.07"]
[Round "3"]
[White "Malicka, Maria"]
[Black "Kaczmarska, Joanna"]
[Result "0-1"]
[WhiteElo "1901"]
[BlackElo "1862"]
[PlyCount "114"]
[EventDate "2016.09.22"]
[EventType "tourn"]
[EventRounds "1"]
[EventCountry "POL"]
[SourceDate "2016.09.23"]

1. e4 e5 2. Nf3 Nc6 3. Nc3 Nf6 4. a3 d5 5. Bb5 Nxe4 6. Qe2 Nxc3 7. Qxe5+ Qe7 8.
dxc3 a6 9. Bxc6+ bxc6 10. O-O Qxe5 11. Nxe5 Bb7 12. Re1 Be7 13. Bf4 f6 14. Nd3
Kf7 15. Bxc7 Rac8 16. Bf4 c5 17. Re2 g5 18. Rae1 Bf8 19. Bg3 c4 20. Nc1 h5 21.
Re6 Rg8 22. Bd6 Rc6 23. Re7+ Bxe7 24. Rxe7+ Kg6 25. Bb4 Bc8 26. Ne2 Re6 27.
Rxe6 Bxe6 28. Nd4 Bf5 29. Kf1 Re8 30. f3 Bd7 31. Kf2 f5 32. Kf1 h4 33. Kf2 Kh5
34. g3 Kg6 35. Kg2 hxg3 36. hxg3 Rb8 37. b3 cxb3 38. cxb3 Re8 39. Kf2 f4 40.
gxf4 gxf4 41. Ne2 Kf5 42. Bd6 Bb5 43. Nd4+ Kg5 44. Nxb5 axb5 45. Bc5 Kf5 46.
Bd4 Re6 47. Kf1 Kg5 48. Kf2 Kh4 49. Ba7 Ra6 50. Bc5 Kh3 51. Be7 Rg6 52. Bc5
Rg2+ 53. Kf1 Kg3 54. Bd6 Rb2 55. a4 Kxf3 56. Ke1 bxa4 57. bxa4 Ra2 0-1

[Event "174th YMCA Autumn A"]
[Site "Warsaw"]
[Date "2016.10.07"]
[Round "3"]
[White "Celinski, Kamil"]
[Black "Choroszej, Aleksander"]
[Result "0-1"]
[WhiteElo "1918"]
[BlackElo "1967"]
[PlyCount "56"]
[EventDate "2016.09.22"]
[EventType "tourn"]
[EventRounds "1"]
[EventCountry "POL"]
[SourceDate "2016.09.23"]

1. d4 g6 2. e4 Bg7 3. Nc3 d6 4. f4 Nf6 5. Nf3 O-O 6. Bd3 Nc6 7. O-O e5 8. fxe5
dxe5 9. d5 Nd4 10. Nxe5 Nxd5 11. Nxd5 Bxe5 12. Bf4 Nc6 13. Qc1 Be6 14. Bxe5
Nxe5 15. Nf6+ Kg7 16. Qg5 Ng4 17. e5 Qd4+ 18. Kh1 Qxe5 19. Qh4 Nxf6 20. Rae1
Qxb2 21. Rb1 Qe5 22. Rbe1 Qc3 23. Rf3 Bd5 24. Rh3 Qd2 25. Re2 Qd1+ 26. Re1 Qh5
27. Qg3 Qg4 28. Rxh7+ Kxh7 0-1

[Event "174th YMCA Autumn A"]
[Site "Warsaw"]
[Date "2016.10.10"]
[Round "4"]
[White "Goslawski, Michal"]
[Black "Choroszej, Aleksander"]
[Result "1/2-1/2"]
[WhiteElo "2153"]
[BlackElo "1967"]
[PlyCount "47"]
[EventDate "2016.09.23"]
[EventType "tourn"]
[EventRounds "1"]
[EventCountry "POL"]
[SourceDate "2016.10.05"]

1. Nf3 g6 2. c4 Bg7 3. Nc3 d6 4. d4 Nf6 5. e4 O-O 6. Be2 e5 7. O-O Nc6 8. dxe5
dxe5 9. Bg5 Be6 10. Nd5 Bxd5 11. cxd5 Ne7 12. Qa4 c6 13. dxc6 Nxc6 14. Rfd1 Qb6
15. Rd2 Rfd8 16. Be3 Qb4 17. Qxb4 Nxb4 18. Rxd8+ Rxd8 19. Bxa7 Nxe4 20. a3 Nc6
21. Bb6 Rd6 22. Bc7 Rd7 23. Bb6 Rd6 24. Bc7 1/2-1/2

[Event "174th YMCA Autumn A"]
[Site "Warsaw"]
[Date "2016.10.14"]
[Round "4"]
[White "Kaczmarska, Joanna"]
[Black "Celinski, Kamil"]
[Result "1/2-1/2"]
[WhiteElo "1862"]
[BlackElo "1918"]
[PlyCount "162"]
[EventDate "2016.09.22"]
[EventType "tourn"]
[EventRounds "1"]
[EventCountry "POL"]
[SourceDate "2016.09.23"]

1. d4 Nf6 2. c4 e6 3. Nc3 Bb4 4. Qc2 O-O 5. Nf3 c5 6. e3 b6 7. Bd2 Bb7 8. Be2
d6 9. O-O Nbd7 10. a3 Bxc3 11. Bxc3 Rc8 12. Nd2 cxd4 13. exd4 d5 14. b3 Qc7 15.
Rac1 Rfd8 16. Qb2 Nf8 17. c5 Ng6 18. b4 Nf4 19. Nb3 Ne4 20. Be1 Qe7 21. f3 Qg5
22. g3 Nxe2+ 23. Qxe2 Nf6 24. Bd2 Qg6 25. b5 bxc5 26. dxc5 d4 27. c6 Ba8 28.
Nc5 Rd5 29. a4 h5 30. Nd3 Qf5 31. Rfe1 e5 32. Nxe5 Re8 33. f4 Ng4 34. Qg2 Rdd8
35. Nf3 d3 36. h3 Rxe1+ 37. Rxe1 Qc5+ 38. Kf1 Nf6 39. Qf2 Qf5 40. Ng5 a6 41.
Re5 Qc8 42. Qa7 Rf8 43. Qd4 axb5 44. axb5 Rd8 45. Qc4 Qc7 46. Qc5 Qc8 47. Rf5
Re8 48. Re5 Rd8 49. Qe7 Rf8 50. Bb4 Nh7 51. Nxh7 Qxh3+ 52. Kf2 Qh2+ 53. Ke3
Qxg3+ 54. Kd4 Qxf4+ 55. Re4 Qf2+ 56. Kxd3 Qf3+ 57. Kd4 Qf2+ 58. Re3 Qf4+ 59.
Kc3 Kxh7 60. Qe5 Qxe5+ 61. Rxe5 Rc8 62. Rxh5+ Kg6 63. Rc5 f5 64. Kd4 Kf6 65.
Rd5 Kg5 66. Be7+ Kg4 67. Rd8 Rxd8+ 68. Bxd8 f4 69. Ke5 f3 70. Bb6 g5 71. Kd6
Kf5 72. Kc7 g4 73. Bf2 Kf4 74. Kb8 Bxc6 75. bxc6 g3 76. Bb6 f2 77. c7 f1=Q 78.
c8=Q g2 79. Qc7+ Kg4 80. Qg7+ Kf3 81. Qc3+ Kg4 1/2-1/2

[Event "174th YMCA Autumn A"]
[Site "Warsaw"]
[Date "2016.10.27"]
[Round "4"]
[White "Szymczak, Rafal"]
[Black "Malicka, Maria"]
[Result "1/2-1/2"]
[WhiteElo "2007"]
[BlackElo "1901"]
[PlyCount "49"]
[EventDate "2016.09.22"]
[EventType "tourn"]
[EventRounds "1"]
[EventCountry "POL"]
[SourceDate "2016.09.23"]

1. f4 c5 2. Nf3 Nc6 3. g3 g6 4. Bg2 Bg7 5. e4 d6 6. c3 e5 7. O-O Nge7 8. d3 O-O
9. Be3 exf4 10. Bxf4 Ne5 11. Nxe5 dxe5 12. Be3 Qd6 13. c4 b6 14. Nc3 Bb7 15.
Nd5 Nxd5 16. cxd5 Qd7 17. b3 a5 18. Qd2 Ba6 19. Rf2 Rad8 20. Raf1 Qb5 21. Rd1
Bc8 22. Rdf1 Ba6 23. Rd1 Bc8 24. Rdf1 Ba6 25. Rd1 1/2-1/2

[Event "174th YMCA Autumn A"]
[Site "Warsaw"]
[Date "2016.10.10"]
[Round "4"]
[White "Piotrowski, Arkadiusz"]
[Black "Praczukowski, Stanislaw"]
[Result "1-0"]
[WhiteElo "1926"]
[BlackElo "2100"]
[PlyCount "101"]
[EventDate "2016.09.22"]
[EventType "tourn"]
[EventRounds "1"]
[EventCountry "POL"]
[SourceDate "2016.09.23"]

1. e4 e6 2. d4 d5 3. exd5 exd5 4. Nf3 Bd6 5. h3 Ne7 6. Bd3 Nbc6 7. c3 Bf5 8.
Bxf5 Nxf5 9. O-O Qd7 10. Re1+ Nce7 11. b3 f6 12. Ba3 O-O-O 13. Bxd6 Qxd6 14.
Qc1 Rhe8 15. Qa3 Qxa3 16. Nxa3 Ng6 17. g3 Kd7 18. Kf1 Nd6 19. Nd2 Nf8 20. h4
Re6 21. Nc2 Rde8 22. Nb4 Rxe1+ 23. Rxe1 Rxe1+ 24. Kxe1 c6 25. Ke2 Ke6 26. Nd3
Kf5 27. Nc5 g5 28. hxg5 fxg5 29. f3 h5 30. Kf2 Nh7 31. Nd3 Nf6 32. Nf1 g4 33.
Ne3+ Kg5 34. f4+ Kh6 35. c4 dxc4 36. bxc4 b5 37. c5 Nde4+ 38. Kg2 Nc3 39. Nb4
Ne2 40. Nxc6 h4 41. gxh4 Nxf4+ 42. Kg3 N4h5+ 43. Kg2 Nf4+ 44. Kf1 Kh5 45. Nxa7
g3 46. c6 N6d5 47. Nxd5 Nxd5 48. Nxb5 Kg4 49. c7 Ne7 50. Nd6 Kh3 51. Kg1 1-0

[Event "174th YMCA Autumn A"]
[Site "Warsaw"]
[Date "2016.10.14"]
[Round "4"]
[White "Wojtaszewski, Piotr"]
[Black "Kasperkiewicz, Pawel"]
[Result "1/2-1/2"]
[WhiteElo "1998"]
[BlackElo "1908"]
[PlyCount "63"]
[EventDate "2016.09.22"]
[EventType "tourn"]
[EventRounds "1"]
[EventCountry "POL"]
[SourceDate "2016.09.23"]

1. e4 e6 2. d3 d5 3. Nd2 Nf6 4. g3 c5 5. Bg2 Nc6 6. Ngf3 Be7 7. O-O b6 8. Re1
Bb7 9. e5 Nd7 10. Nf1 h6 11. h4 Qc7 12. Bf4 O-O-O 13. d4 cxd4 14. Nxd4 Nxd4 15.
Qxd4 g5 16. hxg5 hxg5 17. Bd2 Bc5 18. Qa4 Nxe5 19. b4 Be7 20. Qxa7 Nc4 21. Rab1
Kd7 22. Qa4+ Bc6 23. b5 Bb7 24. Qb3 Ra8 25. a4 Na3 26. Ra1 Nc4 27. Rad1 Rac8
28. Ne3 Nxd2 29. Rxd2 Qc3 30. Qxc3 Rxc3 31. Nd1 Ra3 32. Rd4 $11 1/2-1/2

[Event "174th YMCA Autumn A"]
[Site "Warsaw"]
[Date "2016.10.14"]
[Round "4"]
[White "Sadowski, Miroslaw"]
[Black "Pajak, Jakub"]
[Result "1/2-1/2"]
[WhiteElo "2100"]
[BlackElo "1893"]
[PlyCount "23"]
[EventDate "2016.09.22"]
[EventType "tourn"]
[EventRounds "1"]
[EventCountry "POL"]
[SourceDate "2016.09.23"]

1. d4 d6 2. Nf3 g6 3. Bf4 Bg7 4. Nc3 Nd7 5. e4 c5 6. dxc5 Nxc5 7. Bb5+ Bd7 8.
Qe2 a6 9. Bxd7+ Nxd7 10. O-O Rc8 11. Nd5 Ngf6 12. Nxf6+ $11 1/2-1/2